000 00980nam a2200217Ia 4500
001 16252
003 GE_BSU
008 181216s||||||||xx |||||||||||||| ||und||
020 _a9789941218644
040 _cGE_BSU
245 _aსაქართველოს ისტორია ოთხ ტომად ტ.2 საქართველო IV საუკუნიდან XII საუკუნამდე
245 _bუძველესი დროიდან XX საუკუნის ბოლომდე
245 _cმთ.რედ. მარიამ ლორთქიფანიძე,დავით მუსხელიშვილი,როინ მეტრეველი.
260 _aთბილისი
260 _bპალიტრაL
260 _c2015.
300 _a464გვ+16ჩართ.ფ.ილ.25სმ.
541 _h12ლ.50თ
653 _aსაქართველოს ისტორია
942 _cBK
999 _c49335
_d49335